000 00573nam a2200205Ii 4500
001 4291
003 CO-ViMGA
008 241108s9999||||xx |||||||||||||| ||und||
040 _aCO-ViMGA
_bspa
_erda
_cCO-ViMGA
041 0 _aspa
082 0 4 _a530 C257
100 1 _aPedro Carrasco
_951203
245 1 0 _aOptica Instrumental
264 1 _aMéxico : Fondo de Cultura Económica, 1940
300 _avolumen
336 _atext
_btxt
_2rdacontent
337 _aunmediated
_bn
_2rdamedia
338 _avolume
_bnc
_2rdacarrier
940 _aidficha_siabuc: 4196. -- ficha_no_siabuc:4291
999 _c45913
_d45913